000 00626nam a2200229 i 4500
001 C2-0077904
003 PPAK
005 20180727082909.0
008 970429s my a|||| ||||| | eng d
020 _a9837100621
040 _aPPAK
_beng
_cPPAK
_erda
082 0 4 _a398.2
_223
090 0 0 _a398.2
_bGRE
_dK
245 0 4 _aThe green bird
264 1 _aKuala Lumpur :
_bAgents' Digest ,
_c[date of publication not identified]
300 _a15 pages :
_bcolour illustrations ;
_c27 cm
336 _2rdacontent
_atext
337 _2rdamedia
_aunmediated
338 _2rdacarrier
_avolume
650 1 0 _aTales
942 _ddc
_cB
999 _c12776
_d12776